Zaklínač : vzestup krále všech RPG /

Hlavní autor: Reinier, Benoît
Další autoři: Goner, Jakub
Jazyk: Čeština
Vydáno: V Brně : Computer Press, 2022
Vydání: 1. vydání
Témata:
Fyzický popis: 238 stran ; 24 cm
Knihy
Uloženo v:
LEADER 01713nam a2200469 i 4500
001 nkc20223471143
003 CZ PrNK
005 20230201124801.0
007 ta
008 221109s2022 xr e 000 0 cze
015 |a cnb003471143 
020 |a 978-80-251-5083-2  |q (vázáno) :  |c Kč 499,00 
035 |a (OCoLC)1369539565 
040 |a BOA001  |b cze  |d ABA001  |e rda 
041 1 |a cze  |k eng  |h fre 
072 7 |a 795  |x Elektronické hry  |2 Konspekt  |9 20 
080 |a 795  |2 MRF 
080 |a (048.8)  |2 MRF 
100 1 |a Reinier, Benoît  |7 xx0278987  |4 aut 
240 1 0 |a L'ascension de The witcher.  |l Česky 
245 1 0 |a Zaklínač :  |b vzestup krále všech RPG /  |c Benoît "ExServ" Reinier ; z anglického originálu The rise of The witcher ... přeložil Jakub Goner 
250 |a 1. vydání 
264 1 |a V Brně :  |b Computer Press,  |c 2022 
300 |a 238 stran ;  |c 24 cm 
336 |a text  |b txt  |2 rdacontent 
337 |a bez média  |b n  |2 rdamedia 
338 |a svazek  |b nc  |2 rdacarrier 
500 |a Přeloženo z anglického překladu francouzského originálu 
504 |a Obsahuje bibliografii 
600 1 7 |a Sapkowski, Andrzej,  |d 1948-  |t Wiedźmin  |7 aun2015882152  |2 czenas 
650 0 7 |a počítačové hry  |7 ph124512  |2 czenas 
650 0 9 |a computer games  |2 eczenas 
655 7 |a monografie  |7 fd132842  |2 czenas 
655 9 |a monographs  |2 eczenas 
700 1 |a Goner, Jakub  |7 xx0133109  |4 trl 
765 0 8 |i Název anglického překladu:  |t Rise of The witcher  |9 Česky 
910 2 |a BOA001  |b 2-1500.407 
928 9 |a Albatros Media - Computer Press 
990 |a BK 
995 |a 01 
991 |b 202301  |c NOV 
996 6 |b 2610923859  |c 2-1500.407  |l MZK  |r Sklad / do 1 hodiny  |n 3  |p p.v.  |w 001907640  |u 000010  |a 1  |e BOA001  |j MZK50  |s P